00853 a2200205 4500010001400000020002300014035001300037037001800050082000800068090001500076100001700091245014100108260004500249270013200294300002500426650002600451942002300477999001500500952013200515 aENG-85707 c245.00a8178123646 aEN-69240 bD.B.Act / Pub14a150 c3383d3383 aSanjay Kumar1 aR. Gupta's popular master guide to objective psychologycby Sanjay Kumarba collection of highly useful questions for competitive exams aNew DelhibRamesh Publishing Housec2008 a12-H, New Darya Ganj Road, Opp. Traffic KotwalibNew DelhicDelhi :e110002k23261647l23275124minfo@rameshpublishinghouse.com a182 p.c24 cm (pbk) aPsychologyxobjective adplcENk150 / SAN c3316d3316 00102ddc40718NFICaDBADbDBADeDBAD/PUBg245.00l0o150 SANpEN-69240r2008-09-15 00:00:00t1u3531v245.00w2008-09-15yEN